000 00640nam a2200241 i 4500
001 C2-0080459
003 PPAK
005 20180727084103.0
008 970429s1983 my |||| ||||| | may d
040 _aPPAK
_beng
_cPPAK
_erda
082 0 4 _a899.23301
_223
090 0 0 _a899.23301
_bNOO
_dKAA
090 0 0 _a899.23301
_bNOO
_dKK
100 0 _aNoorjaya,
_eauthor
245 1 0 _aJelapang II
264 1 _aKuala Lumpur :
_bTeks Publishing ,
_c1983
300 _axv, 274 pages ;
_c18 cm
336 _2rdacontent
_atext
337 _2rdamedia
_aunmediated
338 _2rdacarrier
_avolume
650 1 0 _aShort stories, Malay
942 _ddc
_cB
999 _c14199
_d14199